LDR 00681naa#a2200181#i#450# 001 EN\INFRA-M\bibl\118173 005 20260430192655.4 011 ## _a2305-7807 100 ## _a20260227b2026####ek#y0engy0150####ca 102 ## _aRU 200 1# _aTHE ROLE OF EMOTIONAL INTELLIGENCE IN UNDERGRADUATE COPING «HUMAN RESOURCES» _eJournal article 210 1# _aMoscow _cINFRA-M Academic Publishing LLC. _d2026 215 ## _a3 с. 608 ## _aJournal article _2local 675 ## _aГруппы и организации со специальными целями. Социология организаций. 316.354 _z 700 #1 _aSkripnichenko _gL. S. 700 #1 _aMironova _gIrina Ivanovna 856 4# _anaukaru.ru _u